| 000 | 00407nam a22001337a 4500 | ||
|---|---|---|---|
| 020 | _a9780367885984 | ||
| 040 | _cNUST | ||
| 082 | _a671.35011 MAR | ||
| 100 |
_aMarkopoulos, Angelos P. _dDavim, J. Paulo _998314 |
||
| 245 |
_aAdvanced Machining Processes _bInnovative Modeling Techniques |
||
| 260 |
_aUS: _b CRC PRESS, _c2019. |
||
| 650 |
_aAdvanced Machining Processes.NUSTTB2022 _9102809 |
||
| 942 |
_2ddc _cBK |
||
| 999 |
_c591258 _d591258 |
||